| 000 | 00652cam a2200241 4500 | ||
|---|---|---|---|
| 001 | 319874 | ||
| 005 | 20180221040421.0 | ||
| 008 | 740313s1973 enkh b 001 0 eng | ||
| 010 | _a 74157868 | ||
| 015 | _aGB73-25897 | ||
| 020 | _a0874713986 (Rowman and Littlefield) | ||
| 040 |
_aDLC _cDLC _dDLC |
||
| 041 | _aeng | ||
| 080 | _a330.108 | ||
| 082 | 0 | 0 | _a330.108 ME |
| 100 | 1 | _a20 | |
| 101 | _aSHP | ||
| 245 | 1 | 0 |
_aPrecursors of Adam Smith; _cedited with an introduction and notes by Ronald L. Meek. |
| 350 | _a£2.50 | ||
| 504 | _aBibliography: p. xvi-xvii. | ||
| 906 |
_a7 _bcbc _corignew _d2 _encip _f19 _gy-gencatlg |
||
| 942 |
_2ddc _cBK |
||
| 999 |
_c43007 _d43007 |
||